Herbs and spices Quiz Stats

Quiz not verified by Sporcle

Challenge
Share
Tweet
Embed
Score 0/30 Timer 08:00
0 Plays Today
% Correct
Basil
82.2%
Thyme
81%
Rosemary
77.5%
Salt
76.3%
Cinnamon
76.3%
Oregano
75.1%
Parsley
74.7%
Garlic
68.8%
Cumin
66.8%
Paprika
62.5%
Sage
58.1%
Black Pepper
57.3%
Nutmeg
57.3%
Ginger
54.5%
Coriander
49.8%
% Correct
Dill
47.4%
Allspice
46.2%
Cloves
43.5%
Cilantro
37.9%
Chili Powder
37.9%
Bay Leaves
36.8%
Chives
36%
Cayenne Pepper
30.4%
Red Pepper
30.4%
Onion Powder
29.6%
Curry Powder
28.1%
Mustard Seed
25.3%
Celery Seed
18.2%
Peppermint
12.3%
Caraway Seed
7.5%

You're not logged in!

Compare scores with friends on all Sporcle quizzes.
Join for Free
OR
Log In

You Might Also Like...

Show Comments

Extras

Top Quizzes Today


Score Distribution

Your Account Isn't Verified!

In order to create a playlist on Sporcle, you need to verify the email address you used during registration. Go to your Sporcle Settings to finish the process.

Report this User

Report this user for behavior that violates our Community Guidelines.

Details: